[Event "Online Olym Base A"]
[Site "Chess.com INT"]
[Date "2020.07.26"]
[Round "6.1"]
[White "Yousuf, Azeem Makhdoomi"]
[Black "Nay, Oo Kyaw Tun"]
[Result "0-1"]
[WhiteElo "1790"]
[BlackElo "2385"]
[PlyCount "94"]
[EventDate "2020.07.25"]
[EventType "team-tourn (rapid)"]
[EventRounds "9"]
[EventCountry "USA"]
[SourceTitle "CBM 198"]
[Source "ChessBase"]
[SourceDate "2020.10.31"]
[SourceVersion "1"]
[SourceVersionDate "2020.10.31"]
[SourceQuality "1"]
[WhiteTeam "Pakistan"]
[BlackTeam "Myanmar"]
[WhiteTeamCountry "PAK"]
[BlackTeamCountry "MYA"]

1. d4 d5 2. Nf3 Nf6 3. Bf4 c5 4. e3 Nc6 5. c3 Qb6 6. Qc1 Bf5 7. Nbd2 e6 8. h3 h6 9. Be2 Rc8 10. 0-0 Be7 11. Rd1 0-0 12. Nf1 Rfd8 13. Bd3 Bxd3 14. Rxd3 Ne4 15. Rd1 Bd6 16. Bxd6 Rxd6 17. N1d2 Nf6 18. Ne5 Rdd8 19. Ndf3 Ne4 20. Qc2 Qc7 21. a4 Qe7 22. a5 a6 23. Qb1 Qc7 24. Nxc6 Qxc6 25. Rc1 c4 26. Ne5 Qc7 27. f3 Nd2 28. Qa2 Nb3 29. f4 Nxc1 30. Rxc1 b6 31. axb6 Qxb6 32. Ra1 Rb8 33. Qa4 Qxb2 34. Qa5 Qb5 35. Qa3 Qb7 36. Kh2 Ra8 37. Qa5 Rdb8 38. Ra3 Qb6 39. Qa4 Qb5 40. Qc2 Qb2 41. Qa4 Qb5 42. Qc2 a5 43. f5 Qb1 44. Qa4 Qxf5 45. Nc6 Qg5 46. Nxb8 Rxb8 47. Qxa5 Rb2 0-1

[Event "Online Olym Base A"]
[Site "Chess.com INT"]
[Date "2020.07.25"]
[Round "3.4"]
[White "Yousuf, Azeem Makhdoomi"]
[Black "Al Ansi, Amin Hassan"]
[Result "1-0"]
[WhiteElo "1790"]
[BlackElo "1816"]
[PlyCount "87"]
[EventDate "2020.07.25"]
[EventType "team-tourn (rapid)"]
[EventRounds "9"]
[EventCountry "USA"]
[SourceTitle "CBM 198"]
[Source "ChessBase"]
[SourceDate "2020.10.31"]
[SourceVersion "1"]
[SourceVersionDate "2020.10.31"]
[SourceQuality "1"]
[WhiteTeam "Pakistan"]
[BlackTeam "Oman"]
[WhiteTeamCountry "PAK"]
[BlackTeamCountry "OMN"]

1. d4 Nf6 2. Nf3 d5 3. Bf4 e6 4. e3 Bd6 5. Bg3 0-0 6. Nbd2 c5 7. c3 Qc7 8. Bd3 Nbd7 9. 0-0 Bxg3 10. hxg3 b6 11. e4 dxe4 12. Nxe4 Bb7 13. Re1 cxd4 14. Nxd4 Rad8 15. Qe2 Nxe4 16. Bxe4 Bxe4 17. Qxe4 Nf6 18. Qh4 Rd5 19. Nf3 Rfd8 20. Qa4 b5 21. Qc2 Qd6 22. a4 a6 23. axb5 axb5 24. Qb3 h6 25. Ra5 Qb6 26. Raa1 Ng4 27. Re2 Qc5 28. Rf1 g6 29. Re4 h5 30. c4 bxc4 31. Rxc4 Qa7 32. Qc2 Qd7 33. b4 Rb8 34. Rb1 Rdb5 35. Nd4 Rd5 36. Nb3 Rd3 37. Nc5 Qd5 38. Qxd3 Qg5 39. Ne4 Qf5 40. Qf3 Qd5 41. Qxg4 hxg4 42. Nf6+ Kg7 43. Nxd5 exd5 44. Rc5 1-0